ՀՀ Գիտությունների ազգային ակադեմիայի հիմնարար գիտական գրադարան  =   Fundamental Scientific Library of NAS RA

Բառագիրք գերմաներէն-հայերէն / (Record no. 133357)

MARC details
000 -LEADER
fixed length control field 00767nam a2200205 u 4500
001 - CONTROL NUMBER
control field 000349084
003 - CONTROL NUMBER IDENTIFIER
control field AM-YeHGA
005 - DATE AND TIME OF LATEST TRANSACTION
control field 20250929130441.0
008 - FIXED-LENGTH DATA ELEMENTS--GENERAL INFORMATION
fixed length control field 040706s1889 au |||||||||||||||||arm|d
040 ## - CATALOGING SOURCE
Original cataloging agency AM-YeHGA
041 0# - LANGUAGE CODE
Language code of text/sound track or separate title arm
-- ger
100 1# - MAIN ENTRY--PERSONAL NAME
Personal name Կոյլաւ, Ավետիք
245 10 - TITLE STATEMENT
Title Բառագիրք գերմաներէն-հայերէն /
Statement of responsibility, etc. Աշխատասիրեաց՝ Ավետիք Կոյլաւ.
246 15 - VARYING FORM OF TITLE
Title proper/short title Deutsch-Armenisches Wörterbuch
260 ## - PUBLICATION, DISTRIBUTION, ETC.
Place of publication, distribution, etc. Վիեննա :
Name of publisher, distributor, etc. Մխիթարեան տպարան,
Date of publication, distribution, etc. 1889.
300 ## - PHYSICAL DESCRIPTION
Extent 1668 էջ
505 10 - FORMATTED CONTENTS NOTE
Formatted contents note Բոլոր գործածական բառերը, գործածական կենաց վաճառականութեան
650 14 - SUBJECT ADDED ENTRY--TOPICAL TERM
Topical term or geographic name entry element Գերմաներեն
General subdivision Հայերեն
Form subdivision Բառագիրք
942 ## - ADDED ENTRY ELEMENTS (KOHA)
Source of classification or shelving scheme Universal Decimal Classification
Koha item type Գրքեր / Books
Holdings
Withdrawn status Lost status Source of classification or shelving scheme Damaged status Not for loan Collection Home library Current library Date acquired Total checkouts Full call number Barcode Date last seen Price effective from Koha item type Public note Cost, replacement price
    Universal Decimal Classification     Avdalbegian Individual Collection Fundamental Scientific Library Fundamental Scientific Library 22/12/2016   Ավդ/228 FL0427372 22/12/2016 22/12/2016 Գրքեր / Books ILL Non-Circ.  
          General Fundamental Scientific Library Fundamental Scientific Library 22/12/2016   AI/12315 FL0051368 22/12/2016 22/12/2016 Գրքեր / Books 30 Days Loan  
          General Fundamental Scientific Library Fundamental Scientific Library 22/12/2016   AI/2184 FL0078907 22/12/2016 22/12/2016 Գրքեր / Books 30 Days Loan  
          General Fundamental Scientific Library Fundamental Scientific Library 22/12/2016   AI/537 FL0079134 22/12/2016 22/12/2016 Գրքեր / Books 30 Days Loan  
          General Fundamental Scientific Library Fundamental Scientific Library 22/12/2016   AII/15440 FL0010819 22/12/2016 22/12/2016 Գրքեր / Books 30 Days Loan 15.00
          General Fundamental Scientific Library Fundamental Scientific Library 22/12/2016   AII/20849 FL0006678 22/12/2016 22/12/2016 Գրքեր / Books 30 Days Loan  
          General Fundamental Scientific Library Fundamental Scientific Library 22/12/2016   AII/62579 220062579 22/12/2016 22/12/2016 Գրքեր / Books 30 Days Loan  
    Universal Decimal Classification     General Fundamental Scientific Library Fundamental Scientific Library 05/06/2025   Ժամ/719 FL0693578 05/06/2025 05/06/2025 Գրքեր / Books 30 Days Loan  


ՀՀ ԳԱԱ հիմնարար գիտական գրադարան
ՀՀ,Երևան 0019
Մարշալ Բաղրամյան 24/6
հեռախոս:(374-10) 52-47-50
Հետադարձ կապ

All site content, except where otherwise noted, is licensed under a
Creative Commons License